000 00298nam a2200121Ia 4500
005 20251222141817.0
008 251222s9999||||xx |||||||||||||| ||spa||
082 _a783.009.85/M22
100 _aManosalva Oviedo, Luís
245 0 _aAntología de la Canción Criolla
264 _bParma
942 _cLIB
999 _c6662
_d6662